| 000 | 00381nam a22001457a 4500 | ||
|---|---|---|---|
| 003 | OSt | ||
| 005 | 20160727222359.0 | ||
| 008 | 160623b xxu||||| |||| 00| 0 eng d | ||
| 040 | _cTEST | ||
| 100 |
_9626 _aDay, B, |
||
| 245 | _aThe Little Professor of Piney Woods | ||
| 260 |
_aNEW YORK _bJULIAN MESSENER INC. _c1955 |
||
| 300 | _aThe Little Professor of Piney Woods | ||
| 942 |
_2ddc _cBK |
||
| 999 |
_c510 _d510 |
||